| 000 | 00465nam a22001577a 4500 | ||
|---|---|---|---|
| 005 | 20251108164718.0 | ||
| 008 | 250721s9999 xx 000 0 ara d | ||
| 082 | 1 | 4 | _a810.9/أحم |
| 100 | 1 | _aبدوي، أحمد باحمد | |
| 245 | 1 | 0 | _aأسس النقد الأدبي عند العرب / |
| 264 | 1 |
_aالقاهرة : _bنهضة مصر للطباعة، _c[19-]. |
|
| 300 | _a694 ص | ||
| 650 | 1 | 7 | _aالأدب العربي |
| 942 |
_2ddc _cBK |
||
| 999 |
_c12480 _d12480 |
||